000 00244nam a22001217a 4500
040 _cSK
082 _a639
100 _aCLAUDE E.
245 _aWater quality in ponds for aquaculture
260 _aNA
_bCLA
_c1990
300 _a482p.
942 _cEK
999 _c8896
_d8896